02013cam a22004095a 4500999001700000001001000017003000900027005001700036008004100053020004500094020004200139040005100181082002100232100004000253245009400293250002200387250002700409264005300436264001000489300005300499336002600552337002800578338002700606500002300633500002000656520032200676650005400998650007001052651001001122653002601132655001701158700003801175942001201213952012601225952012601351952012601477 c20919d20891016199393EG-ScBUE20200205123854.0121025t2014 at a f bdf 001 0 eng d a9781133308799 (paperback : spiral bound) a1133308791 (paperback : spiral bound) aStDuBDSbengerdacStDuBDSdUkdUkCUdEG-ScBUE04a808.042bRAI2221 aRaimes, Ann,d1938-eauthor.93848810aKeys for writers /cAnn Raimes, Susan K. Miller-Cochran, North Carolina State University. aSeventh edition.  aInternational edition. 1aAustralia :bWadsworth Cengage Learning,c[2014] 4cc2014 axviii, 655 pages :bcolor illustrations ;c21 cm 2rdacontentatextbtxt 2rdamediaaunmediatedbn 2rdacarrieravolumebnc aIncludes glossary. aIncludes index. aBrings a framework for critical thinking that offers students a method for understanding and approaching rhetorical situations. In this title, the documentation sections, "Source Shots" provide visual examples of how to document sources from print to Internet sources and from encyclopedia articles to MP3 selections. 7aAuthorshipvHandbooks, manuals, etc.2BUEsh98404 7aEnglish languagexRhetoricvHandbooks, manuals, etc.2BUEsh97500 2BUEsh cOctober2015bHHUUEENN vReading book1 aMiller-Cochran, Susan K,eauthor. 2ddccBB 00102ddc40708BaccahaMAINbMAINc0THd2015-10-15ePurchasel0o808.042 RAIp000039931r2022-08-24 00:00:00yREFERENCE 00102ddc40708BaccahaMAINbMAINc0THd2015-10-15ePurchasel0o808.042 RAIp000039932r2025-07-15 00:00:00yREFERENCE 00102ddc40708BaccahaMAINbMAINc0THd2015-10-15ePurchasel0o808.042 RAIp000039933r2025-07-15 00:00:00yREFERENCE